000 00809nam a2200253Ia 4500
003 OSt
005 20220923215810.0
006 a|||||r|||| 00| 0
007 ta
008 220922b |||||||| |||| 00| 0 hin d
024 _a181,905
037 _cTextual
040 _aARTS
_cARTS
_bhin
041 _2hin
_ahin
082 _aO152,1N3812x, N1
100 _aसिंह, शलभ श्रीराम
_9163855
245 0 _aध्वस का स्वर्ग
246 _aDhvas kā svarga
260 _aदिल्ली
_b मानक पब्लि
_c1991
300 _a103 पृ.
_ccm.
650 _aहिन्दी साहित्य
_9156264
942 _hO152,1N3812x, N1
_cTEXL
_2CC
999 _c335282
_d335282